000 00261nam a2200097Ia 4500
008 240331s9999 xx 000 0 und d
082 _bBEY
100 _aDAWN. ed
245 0 _aBeyond the main stream :
_bdevelopment alternatives with women for a new era
942 _cL
999 _c2439
_d2439